| 000 | 00725nam a2200229 a 4500 | ||
|---|---|---|---|
| 001 | 83278 | ||
| 003 | BD-RjUL | ||
| 005 | 20240310112429.0 | ||
| 008 | 240310s1 us ||||| m||| 00| 0 eng d | ||
| 035 | _a(BD-RjUL)83278 | ||
| 040 |
_aBD-RjUL _beng _cBD-RjUL _dBD-RjUL |
||
| 041 | _aeng | ||
| 082 |
_223 _a347.05 _bRAE 1967 |
||
| 100 |
_aRAHMAN, ZILLUR _99460 |
||
| 245 | 1 | 0 |
_aTHE EVOLUTION OF CIVIL PROCEDURE IN BENGAL / _cZILLUR RAHMAN |
| 260 |
_aLondon : _bDepartment of Law,University of London _c1967 |
||
| 300 |
_a415 leaves ; _c26 cm. |
||
| 502 | _aThesis(Ph.D.)-- Department of Law,University of London,1967 | ||
| 504 | _aBibliography : Leaves 411-415 | ||
| 650 |
_aCivil Procedure _xBengal _912161 |
||
| 942 |
_2ddc _cTHE |
||
| 999 |
_c83278 _d83278 |
||